[Event "24th Bosnjaci Open 2019"]
[Site "Bosnjaci"]
[Date "2019.01.06"]
[Round "5.8"]
[White "Muratovic, Efim"]
[Black "Boban, Sten"]
[Result "1-0"]
[WhiteElo "2389"]
[BlackElo "2105"]
[Annotator "NA"]
[PlyCount "77"]
[EventDate "2019.01.03"]
[EventType "swiss"]
[EventCountry "CRO"]
[SourceTitle "playchess.com"]
[Source "ChessBase"]
[SourceQuality "1"]
[TimeControl "5400+30"]

1. d4 {[%emt 0:00:30]} d5 {[%emt 0:00:30]} 2. c4 {[%emt 0:00:00]} e6 {[%emt 0:00:30]} 3. Nf3 {[%emt 0:00:00]} Nf6 {[%emt 0:00:30]} 4. Nc3 {[%emt 0:00:30]} Nbd7 {[%emt 0:00:30]} 5. cxd5 {[%emt 0:01:30]} exd5 {[%emt 0:00:00]} 6. Bg5 {[%emt 0:01:30]} c6 {[%emt 0:06:00]} 7. e3 {[%emt 0:00:30]} Qa5 {[%emt 0:02:30]} 8. Nd2 {[%emt 0:00:30]} Bb4 {[%emt 0:02:30]} 9. Qc2 {[%emt 0:00:30]} Ne4 {[%emt 0:05:30]} 10. Ndxe4 {[%emt 0:06:30]} dxe4 {[%emt 0:02:30]} 11. Bh4 {[%emt 0:00:30]} O-O {[%emt 0:00:30]} 12. Be2 {[%emt 0:01:30]} f5 {[%emt 0:05:30]} 13. O-O {[%emt 0:03:30]} Nf6 {[%emt 0:13:30]} 14. Qb3+ {[%emt 0:14:30]} Nd5 {[%emt 0:12:30]} 15. Nxd5 {[%emt 0:01:30]} cxd5 {[%emt 0:00:30]} 16. Bg3 {[%emt 0:00:00]} Rf7 {[%emt 0:12:30]} 17. Rac1 {[%emt 0:13:00]} Be6 {[%emt 0:00:30]} 18. a3 {[%emt 0:00:30]} Bf8 {[%emt 0:00:30]} 19. Rc3 {[%emt 0:09:30]} Qd8 {[%emt 0:02:30]} 20. Rfc1 {[%emt 0:09:30]} Bd6 {[%emt 0:01:30]} 21. Bxd6 {[%emt 0:06:30]} Qxd6 {[%emt 0:00:30]} 22. g3 {[%emt 0:00:30]} g5 {[%emt 0:00:30]} 23. Qb4 {[%emt 0:07:30]} Qb8 {[%emt 0:02:30]} 24. Qb5 {[%emt 0:02:54]} f4 {[%emt 0:02:30]} 25. Bh5 {[%emt 0:00:20]} Rg7 {[%emt 0:03:30]} 26. Rc5 {[%emt 0:04:13]} Qd8 {[%emt 0:00:30]} 27. Bd1 {[%emt 0:01:29]} Qd6 {[%emt 0:03:28]} 28. Bb3 {[%emt 0:02:10]} Rd8 {[%emt 0:00:22]} 29. Qb4 {[%emt 0:01:58]} h5 {[%emt 0:04:33]} 30. R5c2 {[%emt 0:04:03]} Qb8 {[%emt 0:07:44]} 31. Qa5 {[%emt 0:00:25]} Kh7 {[%emt 0:01:54]} 32. Rc7 {[%emt 0:00:55]} b6 {[%emt 0:00:49]} 33. Rxg7+ {[%emt 0:00:49]} Kxg7 {[%emt 0:00:05]} 34. Qb4 {[%emt 0:00:10]} Kf6 {[%emt 0:01:22]} 35. Rc6 {[%emt 0:01:27]} Rc8 {[%emt 0:00:13]} 36. Bxd5 {[%emt 0:00:34]} Rxc6 {[%emt 0:00:35]} 37. Bxc6 {[%emt 0:00:06]} Qc7 {[%emt 0:00:32]} 38. Qf8+ {[%emt 0:02:18]} Kg6 {[%emt 0:00:52]} 39. Bxe4+ {[%emt 0:00:09]} 1-0

[Event "24th Bosnjaci Open 2019"]
[Site "Bosnjaci"]
[Date "2019.01.06"]
[Round "5.9"]
[White "Stocko, Josip"]
[Black "Tomas, Ante"]
[Result "1-0"]
[WhiteElo "2282"]
[BlackElo "2102"]
[Annotator "NA"]
[PlyCount "60"]
[EventDate "2019.01.03"]
[EventType "swiss"]
[EventCountry "CRO"]
[SourceTitle "playchess.com"]
[Source "ChessBase"]
[SourceQuality "1"]
[TimeControl "5400+30"]

1. e4 {[%emt 0:00:30]} e5 {[%emt 0:01:30]} 2. Nf3 {[%emt 0:00:00]} Nc6 {[%emt 0:00:30]} 3. d3 {[%emt 0:03:00]} Nf6 {[%emt 0:02:30]} 4. Be2 {[%emt 0:03:30]} Bc5 {[%emt 0:04:30]} 5. O-O {[%emt 0:00:30]} d6 {[%emt 0:03:30]} 6. c3 {[%emt 0:02:30]} a5 {[%emt 0:04:30]} 7. b3 {[%emt 0:01:30]} O-O {[%emt 0:01:30]} 8. h3 {[%emt 0:06:30]} Re8 {[%emt 0:02:30]} 9. a3 {[%emt 0:06:30]} Ba7 {[%emt 0:02:30]} 10. Re1 {[%emt 0:05:30]} d5 {[%emt 0:10:30]} 11. Nbd2 {[%emt 0:03:30]} h6 {[%emt 0:11:30]} 12. Rb1 {[%emt 0:02:30]} d4 {[%emt 0:12:30]} 13. c4 {[%emt 0:10:30]} Bc5 {[%emt 0:00:30]} 14. Nf1 {[%emt 0:01:30]} Bf8 {[%emt 0:05:30]} 15. Ng3 {[%emt 0:00:30]} g6 {[%emt 0:00:30]} 16. Rf1 {[%emt 0:02:30]} Be6 {[%emt 0:13:30]} 17. Ne1 {[%emt 0:01:30]} g5 {[%emt 0:01:56]} 18. Nf3 {[%emt 0:06:30]} Qd6 {[%emt 0:04:32]} 19. Nh2 {[%emt 0:00:30]} Ne7 {[%emt 0:00:45]} 20. Ng4 {[%emt 0:02:30]} Nxg4 {[%emt 0:00:58]} 21. hxg4 {[%emt 0:02:30]} Reb8 {[%emt 0:05:32]} 22. Bf3 {[%emt 0:06:30]} f6 {[%emt 0:01:21]} 23. Nf5 {[%emt 0:00:30]} Nxf5 {[%emt 0:00:59]} 24. exf5 {[%emt 0:01:30]} Bd7 {[%emt 0:00:48]} 25. b4 {[%emt 0:01:30]} axb4 {[%emt 0:01:36]} 26. axb4 {[%emt 0:00:30]} Bc6 {[%emt 0:02:08]} 27. b5 {[%emt 0:02:30]} Bxf3 {[%emt 0:02:21]} 28. Qxf3 {[%emt 0:00:30]} b6 {[%emt 0:02:26]} 29. Bd2 {[%emt 0:00:30]} Ra4 {[%emt 0:00:32]} 30. Ra1 {[%emt 0:05:30]} Rba8 {[%emt 0:01:05]} 1-0

[Event "24th Bosnjaci Open 2019"]
[Site "Bosnjaci"]
[Date "2019.01.06"]
[Round "5.10"]
[White "Ivekovic, Tihana"]
[Black "Goric, Esad"]
[Result "1/2-1/2"]
[WhiteElo "2071"]
[BlackElo "2260"]
[Annotator "NA"]
[PlyCount "91"]
[EventDate "2019.01.03"]
[EventType "swiss"]
[EventCountry "CRO"]
[SourceTitle "playchess.com"]
[Source "ChessBase"]
[SourceQuality "1"]
[TimeControl "5400+30"]

1. d4 {[%emt 0:00:30]} c5 {[%emt 0:00:30]} 2. d5 {[%emt 0:00:30]} e5 {[%emt 0:00:00]} 3. c4 {[%emt 0:00:30]} d6 {[%emt 0:00:00]} 4. e4 {[%emt 0:00:30]} Nf6 {[%emt 0:00:30]} 5. Nc3 {[%emt 0:00:30]} Be7 {[%emt 0:00:00]} 6. Nf3 {[%emt 0:00:30]} O-O {[%emt 0:00:00]} 7. Be2 {[%emt 0:00:00]} Nbd7 {[%emt 0:00:30]} 8. O-O {[%emt 0:00:00]} Re8 {[%emt 0:00:00]} 9. Ne1 {[%emt 0:00:00]} Nf8 {[%emt 0:00:00]} 10. Nd3 {[%emt 0:00:00]} Ng6 {[%emt 0:00:30]} 11. Be3 {[%emt 0:00:30]} h6 {[%emt 0:00:30]} 12. Rb1 {[%emt 0:01:30]} Bd7 {[%emt 0:00:30]} 13. b4 {[%emt 0:00:00]} b6 {[%emt 0:00:00]} 14. bxc5 {[%emt 0:00:00]} bxc5 {[%emt 0:00:00]} 15. Rb3 {[%emt 0:10:30]} Qc7 {[%emt 0:00:30]} 16. Qc2 {[%emt 0:00:30]} Reb8 {[%emt 0:00:30]} 17. Rfb1 {[%emt 0:00:30]} Be8 {[%emt 0:02:30]} 18. Bd2 {[%emt 0:05:30]} Bd8 {[%emt 0:01:30]} 19. Qb2 {[%emt 0:07:30]} Rxb3 {[%emt 0:04:30]} 20. Qxb3 {[%emt 0:00:30]} Bd7 {[%emt 0:00:30]} 21. g3 {[%emt 0:03:30]} Bc8 {[%emt 0:02:30]} 22. f3 {[%emt 0:05:30]} Qe7 {[%emt 0:01:30]} 23. Qa4 {[%emt 0:00:30]} Bb7 {[%emt 0:06:30]} 24. Nb5 {[%emt 0:07:30]} Bb6 {[%emt 0:03:30]} 25. Qb3 {[%emt 0:00:00]} Ba6 {[%emt 0:04:30]} 26. Kg2 {[%emt 0:03:00]} Ne8 {[%emt 0:00:30]} 27. Qa4 {[%emt 0:00:30]} Bb7 {[%emt 0:01:30]} 28. Qb3 {[%emt 0:00:30]} Bc8 {[%emt 0:00:30]} 29. Nc3 {[%emt 0:07:30]} Rb8 {[%emt 0:07:30]} 30. Bd1 {[%emt 0:00:30]} f5 {[%emt 0:08:30]} 31. exf5 {[%emt 0:07:30]} Bxf5 {[%emt 0:00:30]} 32. Ne4 {[%emt 0:00:00]} Bd7 {[%emt 0:04:30]} 33. Ndf2 {[%emt 0:01:00]} Qd8 {[%emt 0:00:30]} 34. Qd3 {[%emt 0:02:30]} Nf8 {[%emt 0:00:30]} 35. Bc2 {[%emt 0:01:30]} Bc7 {[%emt 0:00:30]} 36. h4 {[%emt 0:08:30]} Rxb1 {[%emt 0:01:30]} 37. Bxb1 {[%emt 0:00:30]} Ba5 {[%emt 0:02:30]} 38. Bc1 {[%emt 0:04:30]} Be1 {[%emt 0:01:30]} 39. Nd1 {[%emt 0:05:02]} Ba5 {[%emt 0:03:30]} 40. Ndf2 {[%emt 0:00:09]} Qb8 {[%emt 0:02:30]} 41. Bc2 {[%emt 0:00:20]} Bd8 {[%emt 0:01:30]} 42. Ng4 {[%emt 0:00:47]} Qc8 {[%emt 0:00:30]} 43. Ngf2 {[%emt 0:01:50]} Be7 {[%emt 0:03:30]} 44. Qa3 {[%emt 0:04:12]} Qb7 {[%emt 0:00:30]} 45. Qd3 {[%emt 0:01:56]} Qc8 {[%emt 0:04:30]} 46. Qa3 {[%emt 0:00:05]} 1/2-1/2

[Event "24th Bosnjaci Open 2019"]
[Site "Bosnjaci"]
[Date "2019.01.06"]
[Round "5.11"]
[White "Jergovic, Andrija"]
[Black "Sipic, Hrvoje"]
[Result "0-1"]
[WhiteElo "2012"]
[BlackElo "2213"]
[Annotator "NA"]
[PlyCount "64"]
[EventDate "2019.01.03"]
[EventType "swiss"]
[EventCountry "CRO"]
[SourceTitle "playchess.com"]
[Source "ChessBase"]
[SourceQuality "1"]
[TimeControl "5400+30"]

1. d4 {[%emt 0:00:30]} Nf6 {[%emt 0:00:30]} 2. c4 {[%emt 0:00:00]} c5 {[%emt 0:00:00]} 3. d5 {[%emt 0:00:00]} b5 {[%emt 0:00:00]} 4. cxb5 {[%emt 0:00:00]} a6 {[%emt 0:00:00]} 5. bxa6 {[%emt 0:00:00]} Bxa6 {[%emt 0:00:00]} 6. Nc3 {[%emt 0:00:00]} g6 {[%emt 0:00:30]} 7. e4 {[%emt 0:00:00]} Bxf1 {[%emt 0:00:30]} 8. Kxf1 {[%emt 0:00:30]} d6 {[%emt 0:00:00]} 9. g3 {[%emt 0:00:00]} Bg7 {[%emt 0:00:00]} 10. Kg2 {[%emt 0:00:00]} O-O {[%emt 0:00:30]} 11. Nf3 {[%emt 0:00:00]} Nbd7 {[%emt 0:01:30]} 12. Re1 {[%emt 0:01:00]} Qb6 {[%emt 0:03:30]} 13. h3 {[%emt 0:07:30]} Rfb8 {[%emt 0:00:30]} 14. Qc2 {[%emt 0:00:00]} c4 {[%emt 0:07:30]} 15. Re2 {[%emt 0:01:00]} Nc5 {[%emt 0:05:30]} 16. Be3 {[%emt 0:00:30]} Nfd7 {[%emt 0:04:30]} 17. Nd4 {[%emt 0:01:30]} Ne5 {[%emt 0:11:30]} 18. a3 {[%emt 0:04:30]} Ned3 {[%emt 0:15:30]} 19. Ra2 {[%emt 0:05:30]} Qa6 {[%emt 0:08:30]} 20. Nc6 {[%emt 0:06:30]} Rb7 {[%emt 0:02:30]} 21. Bd4 {[%emt 0:01:30]} Bxd4 {[%emt 0:01:30]} 22. Nxd4 {[%emt 0:00:30]} Nb3 {[%emt 0:00:30]} 23. Nf3 {[%emt 0:00:30]} Nbc1 {[%emt 0:00:30]} 24. Qb1 {[%emt 0:02:30]} Nxe2 {[%emt 0:00:30]} 25. Nxe2 {[%emt 0:00:30]} Rab8 {[%emt 0:00:00]} 26. b4 {[%emt 0:00:30]} cxb3 {[%emt 0:01:00]} 27. Rd2 {[%emt 0:00:30]} Nc5 {[%emt 0:02:30]} 28. Qb2 {[%emt 0:01:30]} Na4 {[%emt 0:00:30]} 29. Qd4 {[%emt 0:00:30]} b2 {[%emt 0:00:30]} 30. Qe3 {[%emt 0:00:00]} b1=Q {[%emt 0:00:30]} 31. Qh6 {[%emt 0:00:00]} Qxe4 {[%emt 0:00:30]} 32. Rd4 {[%emt 0:00:30]} Qaxe2 {[%emt 0:03:30]} 0-1

[Event "24th Bosnjaci Open 2019"]
[Site "Bosnjaci"]
[Date "2019.01.06"]
[Round "5.12"]
[White "Ljikar, Zoran"]
[Black "Egerc, Josip"]
[Result "1-0"]
[WhiteElo "2207"]
[BlackElo "2081"]
[Annotator "NA"]
[PlyCount "55"]
[EventDate "2019.01.03"]
[EventType "swiss"]
[EventCountry "CRO"]
[SourceTitle "playchess.com"]
[Source "ChessBase"]
[SourceQuality "1"]
[TimeControl "5400+30"]

1. e4 {[%emt 0:00:30]} c5 {[%emt 0:01:30]} 2. Nc3 {[%emt 0:01:30]} Nc6 {[%emt 0:00:00]} 3. g3 {[%emt 0:00:30]} d6 {[%emt 0:02:00]} 4. Bg2 {[%emt 0:00:30]} g6 {[%emt 0:02:30]} 5. d3 {[%emt 0:00:00]} Bg7 {[%emt 0:00:30]} 6. Be3 {[%emt 0:00:00]} Nd4 {[%emt 0:02:30]} 7. Qd2 {[%emt 0:00:30]} Bd7 {[%emt 0:02:30]} 8. O-O-O {[%emt 0:02:30]} e6 {[%emt 0:02:30]} 9. Nce2 {[%emt 0:00:30]} Ne7 {[%emt 0:01:30]} 10. c3 {[%emt 0:01:30]} Nxe2+ {[%emt 0:00:30]} 11. Nxe2 {[%emt 0:00:30]} Qa5 {[%emt 0:00:30]} 12. Kb1 {[%emt 0:00:00]} e5 {[%emt 0:03:30]} 13. d4 {[%emt 0:11:00]} O-O {[%emt 0:05:30]} 14. dxc5 {[%emt 0:02:30]} Be6 {[%emt 0:00:00]} 15. b4 {[%emt 0:00:30]} Qb5 {[%emt 0:00:00]} 16. Bf1 {[%emt 0:04:30]} Bc4 {[%emt 0:15:30]} 17. cxd6 {[%emt 0:03:30]} Nc6 {[%emt 0:07:30]} 18. Nc1 {[%emt 0:00:30]} a5 {[%emt 0:00:30]} 19. a4 {[%emt 0:00:30]} Qxa4 {[%emt 0:00:30]} 20. Bxc4 {[%emt 0:00:30]} axb4 {[%emt 0:00:30]} 21. Qa2 {[%emt 0:00:00]} bxc3 {[%emt 0:00:30]} 22. Qxa4 {[%emt 0:00:00]} Rxa4 {[%emt 0:00:00]} 23. Bb3 {[%emt 0:01:30]} Rxe4 {[%emt 0:00:00]} 24. Rd3 {[%emt 0:03:30]} Rb4 {[%emt 0:00:30]} 25. Rxc3 {[%emt 0:03:30]} Nd4 {[%emt 0:03:30]} 26. Rd1 {[%emt 0:02:30]} Ra8 {[%emt 0:04:30]} 27. d7 {[%emt 0:00:30]} Bf6 {[%emt 0:00:00]} 28. Rc8+ {[%emt 0:00:00]} 1-0

[Event "24th Bosnjaci Open 2019"]
[Site "Bosnjaci"]
[Date "2019.01.06"]
[Round "5.13"]
[White "Tadic, Drago"]
[Black "Blagojevic, Marijan"]
[Result "0-1"]
[WhiteElo "1880"]
[BlackElo "2203"]
[Annotator "NA"]
[PlyCount "92"]
[EventDate "2019.01.03"]
[EventType "swiss"]
[EventCountry "CRO"]
[SourceTitle "playchess.com"]
[Source "ChessBase"]
[SourceQuality "1"]
[TimeControl "5400+30"]

1. e4 {[%emt 0:00:30]} c5 {[%emt 0:00:30]} 2. c4 {[%emt 0:01:30]} Nc6 {[%emt 0:02:30]} 3. Nc3 {[%emt 0:01:30]} g6 {[%emt 0:00:00]} 4. d3 {[%emt 0:00:30]} Bg7 {[%emt 0:00:00]} 5. Nge2 {[%emt 0:01:30]} d6 {[%emt 0:01:30]} 6. g3 {[%emt 0:00:30]} e6 {[%emt 0:06:30]} 7. Bg2 {[%emt 0:00:30]} Nge7 {[%emt 0:00:00]} 8. a3 {[%emt 0:01:30]} a6 {[%emt 0:03:00]} 9. O-O {[%emt 0:04:30]} Rb8 {[%emt 0:01:30]} 10. Rb1 {[%emt 0:00:30]} b5 {[%emt 0:01:30]} 11. b3 {[%emt 0:07:30]} O-O {[%emt 0:02:30]} 12. Bd2 {[%emt 0:12:30]} Qc7 {[%emt 0:09:30]} 13. Bf4 {[%emt 0:12:30]} b4 {[%emt 0:07:30]} 14. axb4 {[%emt 0:01:30]} Nxb4 {[%emt 0:02:30]} 15. Qd2 {[%emt 0:01:30]} Nec6 {[%emt 0:02:30]} 16. Na2 {[%emt 0:14:30]} Bd7 {[%emt 0:11:30]} 17. Nxb4 {[%emt 0:00:30]} Rxb4 {[%emt 0:01:30]} 18. Qa2 {[%emt 0:01:30]} Rb6 {[%emt 0:02:30]} 19. Bd2 {[%emt 0:01:30]} Rfb8 {[%emt 0:00:30]} 20. Bc3 {[%emt 0:01:30]} Bxc3 {[%emt 0:03:30]} 21. Nxc3 {[%emt 0:00:00]} Nd4 {[%emt 0:00:00]} 22. Rb2 {[%emt 0:02:00]} Rxb3 {[%emt 0:02:00]} 23. Rfb1 {[%emt 0:04:30]} Rxb2 {[%emt 0:01:30]} 24. Rxb2 {[%emt 0:05:30]} Rxb2 {[%emt 0:02:30]} 25. Qxb2 {[%emt 0:00:30]} a5 {[%emt 0:02:30]} 26. Bf1 {[%emt 0:01:30]} Bc6 {[%emt 0:03:30]} 27. Be2 {[%emt 0:01:30]} Qb7 {[%emt 0:01:30]} 28. Qxb7 {[%emt 0:01:18]} Bxb7 {[%emt 0:01:30]} 29. Bd1 {[%emt 0:00:13]} Kf8 {[%emt 0:01:30]} 30. Kf1 {[%emt 0:00:12]} Ke7 {[%emt 0:00:30]} 31. f3 {[%emt 0:00:19]} f5 {[%emt 0:01:30]} 32. Kf2 {[%emt 0:00:28]} h6 {[%emt 0:04:30]} 33. h3 {[%emt 0:00:30]} g5 {[%emt 0:00:30]} 34. g4 {[%emt 0:00:30]} f4 {[%emt 0:03:11]} 35. Kg2 {[%emt 0:03:23]} Kf6 {[%emt 0:00:39]} 36. Kf2 {[%emt 0:06:04]} Ke5 {[%emt 0:03:23]} 37. Kg2 {[%emt 0:02:28]} Nc6 {[%emt 0:02:02]} 38. Nb5 {[%emt 0:01:06]} Nb4 {[%emt 0:00:12]} 39. Be2 {[%emt 0:00:48]} Bc6 {[%emt 0:00:31]} 40. Kf2 {[%emt 0:03:43]} Bxb5 {[%emt 0:02:52]} 41. cxb5 {[%emt 0:00:10]} d5 {[%emt 0:00:14]} 42. Ke1 {[%emt 0:00:18]} Kd6 {[%emt 0:00:33]} 43. Kd2 {[%emt 0:00:12]} d4 {[%emt 0:03:57]} 44. Bd1 {[%emt 0:00:35]} Na2 {[%emt 0:04:16]} 45. Bb3 {[%emt 0:00:58]} Nc3 {[%emt 0:00:19]} 46. Bc4 {[%emt 0:01:10]} e5 {[%emt 0:00:35]} 0-1

[Event "24th Bosnjaci Open 2019"]
[Site "Bosnjaci"]
[Date "2019.01.06"]
[Round "5.14"]
[White "Borzan, Andrej"]
[Black "Babic, Zvonko"]
[Result "0-1"]
[WhiteElo "1818"]
[BlackElo "2190"]
[Annotator "NA"]
[PlyCount "82"]
[EventDate "2019.01.03"]
[EventType "swiss"]
[EventCountry "CRO"]
[SourceTitle "playchess.com"]
[Source "ChessBase"]
[SourceQuality "1"]
[TimeControl "5400+30"]

1. d4 {[%emt 0:00:30]} Nf6 {[%emt 0:00:30]} 2. c4 {[%emt 0:00:00]} c5 {[%emt 0:00:00]} 3. d5 {[%emt 0:00:00]} b5 {[%emt 0:00:00]} 4. cxb5 {[%emt 0:00:30]} a6 {[%emt 0:00:30]} 5. bxa6 {[%emt 0:00:30]} g6 {[%emt 0:00:00]} 6. Nc3 {[%emt 0:00:30]} Bxa6 {[%emt 0:00:00]} 7. e4 {[%emt 0:00:30]} Bxf1 {[%emt 0:00:30]} 8. Kxf1 {[%emt 0:00:00]} d6 {[%emt 0:00:00]} 9. Nge2 {[%emt 0:00:00]} Bg7 {[%emt 0:00:00]} 10. g3 {[%emt 0:00:30]} O-O {[%emt 0:00:30]} 11. Kg2 {[%emt 0:00:00]} Nbd7 {[%emt 0:00:30]} 12. f4 {[%emt 0:03:00]} Ra6 {[%emt 0:01:30]} 13. Qc2 {[%emt 0:01:30]} Qa8 {[%emt 0:00:30]} 14. Bd2 {[%emt 0:01:30]} Rb8 {[%emt 0:01:30]} 15. Rab1 {[%emt 0:07:30]} e6 {[%emt 0:04:30]} 16. dxe6 {[%emt 0:03:30]} fxe6 {[%emt 0:02:30]} 17. h3 {[%emt 0:02:30]} Rb4 {[%emt 0:12:30]} 18. Kh2 {[%emt 0:02:30]} Nxe4 {[%emt 0:05:30]} 19. Nxe4 {[%emt 0:01:30]} Qxe4 {[%emt 0:01:30]} 20. Qxe4 {[%emt 0:00:00]} Rxe4 {[%emt 0:00:30]} 21. Nc3 {[%emt 0:00:00]} Bxc3 {[%emt 0:00:30]} 22. Bxc3 {[%emt 0:01:30]} Re2+ {[%emt 0:01:30]} 23. Kg1 {[%emt 0:00:30]} Rxa2 {[%emt 0:00:30]} 24. Rh2 {[%emt 0:01:30]} Rxh2 {[%emt 0:00:30]} 25. Kxh2 {[%emt 0:00:30]} Nb6 {[%emt 0:00:30]} 26. Kg2 {[%emt 0:00:00]} Na4 {[%emt 0:26:30]} 27. Kf3 {[%emt 0:01:00]} Nxc3 {[%emt 0:04:30]} 28. bxc3 {[%emt 0:00:30]} Rc2 {[%emt 0:02:30]} 29. Kg4 {[%emt 0:00:30]} Kf7 {[%emt 0:06:30]} 30. Rb3 {[%emt 0:05:30]} Kf6 {[%emt 0:01:30]} 31. Kf3 {[%emt 0:01:30]} c4 {[%emt 0:02:30]} 32. Ra3 {[%emt 0:00:00]} Rb2 {[%emt 0:02:30]} 33. Ra4 {[%emt 0:03:00]} d5 {[%emt 0:00:30]} 34. Ke3 {[%emt 0:00:30]} Rh2 {[%emt 0:00:30]} 35. Ra7 {[%emt 0:00:30]} Rxh3 {[%emt 0:01:30]} 36. Kf3 {[%emt 0:00:30]} Rh2 {[%emt 0:00:30]} 37. g4 {[%emt 0:00:30]} Rh3+ {[%emt 0:01:30]} 38. Kg2 {[%emt 0:00:00]} Rxc3 {[%emt 0:00:30]} 39. Rxh7 {[%emt 0:00:00]} e5 {[%emt 0:02:14]} 40. g5+ {[%emt 0:00:30]} Ke6 {[%emt 0:01:14]} 41. fxe5 {[%emt 0:00:30]} Re3 {[%emt 0:01:21]} 0-1

[Event "24th Bosnjaci Open 2019"]
[Site "Bosnjaci"]
[Date "2019.01.06"]
[Round "5.15"]
[White "Andrijevic, Milan"]
[Black "Golub, Nikolina"]
[Result "0-1"]
[WhiteElo "2244"]
[BlackElo "1925"]
[Annotator "NA"]
[PlyCount "52"]
[EventDate "2019.01.03"]
[EventType "swiss"]
[EventCountry "CRO"]
[SourceTitle "playchess.com"]
[Source "ChessBase"]
[SourceQuality "1"]
[TimeControl "5400+30"]

1. e4 {[%emt 0:00:30]} e6 {[%emt 0:00:30]} 2. Nf3 {[%emt 0:00:30]} d5 {[%emt 0:00:00]} 3. exd5 {[%emt 0:00:00]} exd5 {[%emt 0:00:00]} 4. d4 {[%emt 0:00:00]} Nf6 {[%emt 0:00:00]} 5. c4 {[%emt 0:00:30]} Bb4+ {[%emt 0:00:00]} 6. Nc3 {[%emt 0:00:00]} O-O {[%emt 0:00:30]} 7. a3 {[%emt 0:01:00]} Bxc3+ {[%emt 0:02:30]} 8. bxc3 {[%emt 0:00:30]} Re8+ {[%emt 0:00:30]} 9. Be2 {[%emt 0:01:30]} dxc4 {[%emt 0:00:00]} 10. O-O {[%emt 0:00:30]} Be6 {[%emt 0:09:00]} 11. Ne5 {[%emt 0:02:30]} Nbd7 {[%emt 0:03:30]} 12. Nxc4 {[%emt 0:01:30]} Nd5 {[%emt 0:03:30]} 13. Bd2 {[%emt 0:06:30]} b5 {[%emt 0:11:30]} 14. Ne3 {[%emt 0:03:30]} a6 {[%emt 0:04:30]} 15. a4 {[%emt 0:09:30]} c6 {[%emt 0:01:30]} 16. a5 {[%emt 0:03:30]} Qc7 {[%emt 0:01:30]} 17. c4 {[%emt 0:04:30]} bxc4 {[%emt 0:02:30]} 18. Nxc4 {[%emt 0:00:00]} Nf4 {[%emt 0:01:30]} 19. Bxf4 {[%emt 0:01:00]} Qxf4 {[%emt 0:00:30]} 20. g3 {[%emt 0:05:30]} Qc7 {[%emt 0:01:30]} 21. Ne3 {[%emt 0:04:30]} Nf6 {[%emt 0:04:30]} 22. Qa4 {[%emt 0:02:30]} Qd6 {[%emt 0:12:30]} 23. Rac1 {[%emt 0:02:30]} Rec8 {[%emt 0:01:30]} 24. Rfd1 {[%emt 0:02:30]} Bd5 {[%emt 0:01:30]} 25. Nc4 {[%emt 0:04:30]} Qe6 {[%emt 0:04:30]} 26. Bf1 {[%emt 0:00:30]} Qe4 {[%emt 0:03:30]} 0-1

[Event "24th Bosnjaci Open 2019"]
[Site "Bosnjaci"]
[Date "2019.01.06"]
[Round "5.16"]
[White "Cvitan, Ena"]
[Black "Turicar, Goran"]
[Result "1-0"]
[WhiteElo "2201"]
[BlackElo "1862"]
[Annotator "NA"]
[PlyCount "45"]
[EventDate "2019.01.03"]
[EventType "swiss"]
[EventCountry "CRO"]
[SourceTitle "playchess.com"]
[Source "ChessBase"]
[SourceQuality "1"]
[TimeControl "5400+30"]

1. d4 {[%emt 0:00:30]} d5 {[%emt 0:00:30]} 2. Nf3 {[%emt 0:00:00]} Nf6 {[%emt 0:00:30]} 3. Bf4 {[%emt 0:00:00]} e6 {[%emt 0:01:30]} 4. e3 {[%emt 0:00:30]} Bd6 {[%emt 0:02:30]} 5. Bg3 {[%emt 0:00:30]} O-O {[%emt 0:00:30]} 6. Nbd2 {[%emt 0:00:30]} c5 {[%emt 0:04:30]} 7. c3 {[%emt 0:00:30]} Nc6 {[%emt 0:00:30]} 8. Bd3 {[%emt 0:00:30]} Ne7 {[%emt 0:03:30]} 9. Qe2 {[%emt 0:03:30]} c4 {[%emt 0:01:30]} 10. Bc2 {[%emt 0:00:30]} Ng6 {[%emt 0:04:30]} 11. Ne5 {[%emt 0:04:30]} Qe7 {[%emt 0:06:30]} 12. h4 {[%emt 0:01:30]} Bxe5 {[%emt 0:08:30]} 13. dxe5 {[%emt 0:01:30]} Nd7 {[%emt 0:00:30]} 14. Nf3 {[%emt 0:00:30]} f5 {[%emt 0:00:30]} 15. exf6 {[%emt 0:10:30]} gxf6 {[%emt 0:06:30]} 16. e4 {[%emt 0:03:30]} Nde5 {[%emt 0:03:30]} 17. O-O-O {[%emt 0:04:30]} Qf7 {[%emt 0:19:30]} 18. h5 {[%emt 0:03:30]} Ne7 {[%emt 0:06:30]} 19. Nxe5 {[%emt 0:01:30]} fxe5 {[%emt 0:02:30]} 20. Bxe5 {[%emt 0:00:00]} Rd8 {[%emt 0:02:30]} 21. Rh3 {[%emt 0:00:00]} Nf5 {[%emt 0:03:30]} 22. exf5 {[%emt 0:01:30]} exf5 {[%emt 0:00:30]} 23. Rg3+ {[%emt 0:00:00]} 1-0

[Event "24th Bosnjaci Open 2019"]
[Site "Bosnjaci"]
[Date "2019.01.06"]
[Round "5.17"]
[White "Dabic, Stjepan"]
[Black "Kolanovic, Kazimir"]
[Result "1-0"]
[WhiteElo "2077"]
[BlackElo "1851"]
[Annotator "NA"]
[PlyCount "71"]
[EventDate "2019.01.03"]
[EventType "swiss"]
[EventCountry "CRO"]
[SourceTitle "playchess.com"]
[Source "ChessBase"]
[SourceQuality "1"]
[TimeControl "5400+30"]

1. d4 {[%emt 0:00:30]} Nf6 {[%emt 0:03:30]} 2. c4 {[%emt 0:00:00]} c5 {[%emt 0:00:30]} 3. d5 {[%emt 0:00:00]} e5 {[%emt 0:00:30]} 4. Nc3 {[%emt 0:00:30]} d6 {[%emt 0:00:00]} 5. e4 {[%emt 0:00:30]} Nbd7 {[%emt 0:00:00]} 6. Be3 {[%emt 0:01:30]} g6 {[%emt 0:03:30]} 7. h3 {[%emt 0:00:00]} Bg7 {[%emt 0:00:30]} 8. g4 {[%emt 0:00:00]} O-O {[%emt 0:00:30]} 9. Nge2 {[%emt 0:00:30]} a6 {[%emt 0:01:30]} 10. Ng3 {[%emt 0:00:30]} Ne8 {[%emt 0:01:30]} 11. Bd3 {[%emt 0:01:30]} Nc7 {[%emt 0:02:30]} 12. Kf1 {[%emt 0:03:30]} b5 {[%emt 0:06:30]} 13. b3 {[%emt 0:01:30]} Rb8 {[%emt 0:07:30]} 14. Qe2 {[%emt 0:03:30]} b4 {[%emt 0:16:30]} 15. Na4 {[%emt 0:00:30]} Qe7 {[%emt 0:06:30]} 16. Rd1 {[%emt 0:02:30]} Re8 {[%emt 0:01:30]} 17. Kg2 {[%emt 0:02:30]} f6 {[%emt 0:10:30]} 18. h4 {[%emt 0:00:30]} Qf8 {[%emt 0:02:30]} 19. Rdg1 {[%emt 0:01:30]} Nb6 {[%emt 0:01:30]} 20. Nxb6 {[%emt 0:02:30]} Rxb6 {[%emt 0:00:30]} 21. f3 {[%emt 0:04:30]} Re7 {[%emt 0:01:30]} 22. Qc2 {[%emt 0:01:30]} Rf7 {[%emt 0:03:30]} 23. Kf2 {[%emt 0:03:30]} g5 {[%emt 0:05:30]} 24. hxg5 {[%emt 0:03:30]} fxg5 {[%emt 0:00:30]} 25. Bxg5 {[%emt 0:01:30]} Rxf3+ {[%emt 0:00:30]} 26. Ke1 {[%emt 0:00:30]} Rf6 {[%emt 0:12:47]} 27. Qh2 {[%emt 0:01:30]} h6 {[%emt 0:00:37]} 28. Bxf6 {[%emt 0:00:00]} Qxf6 {[%emt 0:00:06]} 29. g5 {[%emt 0:06:00]} Qxg5 {[%emt 0:01:44]} 30. Nh5 {[%emt 0:01:30]} Qe3+ {[%emt 0:01:40]} 31. Qe2 {[%emt 0:01:30]} Qxe2+ {[%emt 0:00:40]} 32. Bxe2 {[%emt 0:00:30]} Ne8 {[%emt 0:00:05]} 33. Nxg7 {[%emt 0:00:00]} Nxg7 {[%emt 0:00:06]} 34. Rxh6 {[%emt 0:00:00]} a5 {[%emt 0:00:40]} 35. Rhg6 {[%emt 0:00:30]} Rb7 {[%emt 0:00:05]} 36. Rxd6 {[%emt 0:00:30]} 1-0